000
00283nam a2200109Ia 4500
008
200302s9999 xx 000 0 und d
100
_a
Forrest Wilson
245
_a
City Planning the games of Human Settlement
260
_b
Van Nostrand Reinhold Co.
260
_c
1975
300
_a
96 P.,
999
_c
5233
_d
5233